000
00289nam a22001337a 4500
008
171010b xxu||||| |||| 00| 0 eng d
020
_a
9780807067451
041
_a
eng
080
_a
316
100
_a
50
101
_a
SOC
245
_a
INESSENTIAL WOMAN
_c
SPELMAN.E.V
942
_2
udc
_c
BK
999
_c
32785
_d
32785